| 000 | 00781nam a22001937a 4500 | ||
|---|---|---|---|
| 005 | 20251108171943.0 | ||
| 008 | 250721s2001 xx 000 0 ara d | ||
| 082 | 1 | 4 | _a382.92/مؤت |
| 100 | 1 | _aكاسي، أدوين كوافي | |
| 111 | 2 | _aالمؤتمر الوزاري لمنظمة التجارة العالمية (4 : الدوحة : 2001) | |
| 245 | 1 | 0 |
_aما الذي يمكن للتكتلات الإقتصادية أن تحققه لدول الإسكو في ظل الإتفاقات التجارة الجديدة : _bأوراق موجزة / |
| 264 | 1 |
_aنيويورك : _bالأمم المتحدة، _c2001. |
|
| 300 | _aج | ||
| 650 | 1 | 7 | _aالتجارة الدولية |
| 650 | 1 | 7 | _aالإتفاقيات |
| 650 | 1 | 7 | _aالجات |
| 942 |
_2ddc _cBK |
||
| 999 |
_c66773 _d66773 |
||